|
|
|
|
| LEADER |
00000cam a2200000 7i4500 |
| 001 |
0000032929 |
| 005 |
20151222.0 |
| 008 |
120704 |
| 020 |
|
|
|a 9833670864 (Set)
|
| 020 |
|
|
|a 9833670895
|
| 090 |
0 |
0 |
|a JF
|b AD MAL
|
| 100 |
0 |
|
|a Azlin Ayub
|
| 245 |
1 |
0 |
|a Amukan mayat hidup
|c Azlin Ayub
|
| 260 |
|
|
|a Selangor :
|b Penerbitan Zhafran ,
|c 2008
|
| 440 |
|
|
|a Himpunan kisah seram
|
| 500 |
|
|
|a Children ages 7-9 years old (orange)
|
| 650 |
|
0 |
|a Detective and mystery stories, Malay
|
| 650 |
|
0 |
|a Malay fiction
|
| 999 |
|
|
|a 0001078291
|b Book
|c Children Collection
|e Cawangan Pontian
|
| 999 |
|
|
|a 0001136483
|b Book
|c Children Collection
|e Perbadanan Perpustakaan Awam Johor
|
| 999 |
|
|
|a 0001136485
|b Book
|c Children Collection
|e Perbadanan Perpustakaan Awam Johor
|
| 999 |
|
|
|a 0001136486
|b Book
|c Children Collection
|e Perbadanan Perpustakaan Awam Johor
|